000 00543nam a2200205Ia 4500
001 60693
008 080101n2012 ii |||gr||||Z||||||465
020 _a978-81-321-0693-7
041 _a465
082 _a634.9
100 _aRichard P.Tucker.,
_eAuthor.
245 0 _aA Forest History of India
_cRichard P.Tucker
_hTextual Documents
250 _aIst ed.
260 _aLondon
_bSage Publications
_c2012
300 _a249pg:
_c23cm.
653 _aAgriculture
653 _aForest History - India
653 _aNE Section
942 _2ddc
_cBK
999 _c61821
_d61821